Il boia /

সংরক্ষণ করুন:
গ্রন্থ-পঞ্জীর বিবরন
প্রধান লেখক: Limonov, Eduard
বিন্যাস: গ্রন্থ
ভাষা:ইতালিয়
প্রকাশিত: Roma : Teti, 2019
মালা:Zig zag
ট্যাগগুলো: ট্যাগ যুক্ত করুন
কোনো ট্যাগ নেই, প্রথমজন হিসাবে ট্যাগ করুন!

MARC

LEADER 00000nam a2200000 i 4500
001 IT\ICCU\RL1\0030830
003 ItRI
005 20250210221341.0
008 191217s2019 it |||||| |||||1|||||c
020 |a 9788899918705 
040 |b ita  |c Arcigay Rimini 
041 7 |a ita  |2 ISO-639-2 
082 |a 891.735  |2 23 
100 1 |a Limonov, Eduard  |0 IT\ICCU\CFIV\060587 
240 1 0 |a Palač  |9 Limonov, Eduard 
245 1 3 |a Il boia /  |c Eduard Limonov. 
260 |a Roma :  |b Teti,  |c 2019 
300 |a 296 p. :  |b 1 ritratto ;  |c 21 cm 
500 |a Traduzione di Federico Pastore 
830 0 |a Zig zag  |0 IT\ICCU\LO1\1061711 
942 |2 ddc  |c BK 
952 |0 0  |1 0  |2 ddc  |4 0  |6 891_735000000000000_EDU_ILB  |7 0  |9 3028  |a RN  |b RN  |d 2025-02-10  |l 0  |o 891.735 EDU ILB  |p 10312  |r 2025-02-10 22:14:14  |w 2025-02-10  |y BK 
981 1 |6 z01  |a i   |b xxxe  
982 1 |6 z01  |a n 
999 |c 2484  |d 2484